Chansons de PNL - Album Dans la légende - Statistiques

Statistiques générales
  • Ce quiz a été pris 222 fois
  • Le résultat moyen est 11 sur 16
Statistiques - réponses
Ordre dans l'album Chansons % Correct
01 DA
95%
02 Naha
88%
15 Onizuka
82%
03 Dans la légende
79%
16 Jusqu'au dernier gramme
78%
13 Bené
74%
14 Uranus
73%
05 J'suis QLF
63%
07 Kratos
63%
08 Luz de Luna
60%
04 Mira
60%
12 Bambina
58%
11 Humain
58%
06 La vie est belle
55%
10 Sheita
51%
09 Tu sais pas
50%
Aucun quiz correspondant
Distribution des résultats
% des personnes avec chaque résultat
Percentile par nombre de réponses
Votre historique - résultats
Vous n’avez pas pris ce quiz